| 000 | 00543nam a2200157 i 4500 | ||
|---|---|---|---|
| 001 | 57149 | ||
| 003 | ES-MaACL | ||
| 005 | 20230906163525.0 | ||
| 007 | t| | ||
| 008 | 031015s1912 sp ||||1| spa d | ||
| 100 | 1 |
_aDonoso, Antonio Miguel. _945332 |
|
| 245 | 1 | 0 |
_aDesenvolvimiento de la industria azucarera en España y en especial de las fábricas de azúcar de remolacha desde 1899 a 1911 / _cAntonio Miguel Donoso. |
| 260 |
_aMadrid : _b[s.n.], _c1912. |
||
| 650 | 4 |
_aIndustria azucarera- _zEspaña. _9141522 |
|
| 852 |
_aES-MaACL _jT-1382-F-4 |
||
| 999 |
_c57149 _d57149 |
||